|
|
|
|
| LEADER |
00000nam0a2200000 4500 |
| 001 |
302459 |
| 005 |
20231102001514.0 |
| 010 |
|
|
|a 9785369014103
|
| 010 |
|
|
|a 978-5-16-010501-7
|
| 035 |
|
|
|a (RuTPU)RU\TPU\book\327666
|
| 090 |
|
|
|a 302459
|
| 100 |
|
|
|a 20150821d2015 k y0rusy50 ca
|
| 101 |
0 |
|
|a rus
|
| 102 |
|
|
|a RU
|
| 105 |
|
|
|a ab z 001zy
|
| 200 |
1 |
|
|a Регионы России. Факторы устойчивости и институциональные предпосылки развития в условиях глобализации
|e монография
|f А. А. Чуб
|g Финансовый университет при Правительстве Российской Федерации
|
| 210 |
|
|
|a Москва
|c РИОР
|c Инфра-М
|d 2015
|
| 215 |
|
|
|a 231 с.
|c ил.
|
| 225 |
1 |
|
|a Научная мысль
|
| 320 |
|
|
|a Библиогр.: с. 215-228.
|
| 330 |
|
|
|a Монография посвящена исследованию проблем адаптации российских регионов к устойчивому развитию в условиях глобализации мировой экономики. На основе анализа общетеоретических положений, международного опыта и стратегических приоритетов РФ, предложена концепция повышения устойчивости развития современных региональных образований путем трансформации действующей институциональной среды и активизации процессов межрегиональной экономической интеграции.Предназначена для научных сотрудников, аспирантов, студентов, работников исполнительной и законодательной ветвей власти, а также всех интересующихся проблемами региональной экономики и перспективами развития России.
|
| 606 |
1 |
|
|a Региональная экономика
|2 stltpush
|3 (RuTPU)RU\TPU\subj\38035
|
| 610 |
1 |
|
|a регионы
|
| 610 |
1 |
|
|a Россия
|
| 610 |
1 |
|
|a экономическое развитие
|
| 610 |
1 |
|
|a институциональная динамика
|
| 610 |
1 |
|
|a устойчивое развитие
|
| 610 |
1 |
|
|a глобализационные процессы
|
| 610 |
1 |
|
|a региональное конструирование
|
| 610 |
1 |
|
|a зарубежный опыт
|
| 610 |
1 |
|
|a учебные пособия
|
| 686 |
|
|
|a У04(2)
|v LBC/SL-A
|2 rubbk
|
| 700 |
|
1 |
|a Чуб
|b А. А.
|g Анна Александровна
|
| 712 |
0 |
2 |
|a Финансовый университет при Правительстве Российской Федерации
|c (Москва)
|c (2010- )
|2 stltpush
|3 (RuTPU)RU\TPU\col\17114
|9 26530
|
| 801 |
|
1 |
|a RU
|b 63413507
|c 20150821
|
| 801 |
|
2 |
|a RU
|b 63413507
|c 20151030
|g RCR
|
| 900 |
|
|
|a Регионоведение
|
| 900 |
|
|
|a Региональная экономика
|
| 942 |
|
|
|c BK
|
| 959 |
|
|
|a 92/20150730
|d 1
|e 599,90
|f ЧЗГЛ:1
|